000 00457cam a2200193 4500
001 D6063
008 090401t1980 xxu||||| |||| 00| 0 eng d
035 _a(Sirsi) u83886
041 _aeng
050 _a526.902469
100 _aIrvine, William
245 _aSurveying for construction
250 _a2nd
260 _aLondon
_bMcGraw Hill Book Company (U.K.)
_c1980
300 _aviii. 283p. 28cm
350 _a0
942 _n0
948 _c04/03/1997
999 _c96915
_d96915